<?xml version="1.0" encoding="UTF-8"?>
<collection xmlns="http://www.loc.gov/MARC21/slim">
 <record>
  <leader>01815nam a2200229Ia 4500</leader>
  <controlfield tag="001">CTU_237591</controlfield>
  <controlfield tag="008">210402s9999    xx            000 0 und d</controlfield>
  <datafield tag="082" ind1=" " ind2=" ">
   <subfield code="a">639.6</subfield>
  </datafield>
  <datafield tag="082" ind1=" " ind2=" ">
   <subfield code="b">S681</subfield>
  </datafield>
  <datafield tag="100" ind1=" " ind2=" ">
   <subfield code="a">Soe, Theingi Nan</subfield>
  </datafield>
  <datafield tag="245" ind1=" " ind2="0">
   <subfield code="a">Study on the effects of temperature and salinity on the maturation and spawning ofmud crab (Scylla paramamosain) :</subfield>
  </datafield>
  <datafield tag="245" ind1=" " ind2="0">
   <subfield code="b">Graduate thesis. Major:  Aquaculture</subfield>
  </datafield>
  <datafield tag="245" ind1=" " ind2="0">
   <subfield code="c">Theingi Nan Soe ; Do Thi Thanh Huong (Supervisor)</subfield>
  </datafield>
  <datafield tag="260" ind1=" " ind2=" ">
   <subfield code="a">Can Tho</subfield>
  </datafield>
  <datafield tag="260" ind1=" " ind2=" ">
   <subfield code="b">Can Tho University</subfield>
  </datafield>
  <datafield tag="260" ind1=" " ind2=" ">
   <subfield code="c">2020</subfield>
  </datafield>
  <datafield tag="520" ind1=" " ind2=" ">
   <subfield code="a">The present study was conducted to determine the effects of temperature and salinity on the maturation and spawning of mud crabs (Scylla paramamosain). The broodstock  female  mud  crabs with an average weight of  200-400g/ind. were obtained from Cà Mau province and eyestalk ablation was done. Mud crabs were reared 60 days at four different temperatures (27-28℃; 30-31℃; 33-34℃ and 36-37℃) using 500-L tanks and an  indoor Recirculating Aquaculture System. For salinity effect, mud crabs were stocked in five different salinities (15‰, 20‰, 25‰, 30‰, and 35‰)  for 60 days with a water exchange system. The results showed that mud crabs cannot thrive at a higher temperature. After 14 days of stocking in 36-37℃, all mud crab was dead. Also, the higher temperature 33-34℃, the capacity of mud crab to attach eggs to pleopod hairs of the abdominal sac was ceased. The maturation and spawning timing of mud crab was short at 27-28℃. However, an increasing temperature provides stress to the broodstock which finally elongates the maturation and spawning time.</subfield>
  </datafield>
  <datafield tag="650" ind1=" " ind2=" ">
   <subfield code="a">Nuôi cua,Crab culture</subfield>
  </datafield>
  <datafield tag="910" ind1=" " ind2=" ">
   <subfield code="a">Tuyến</subfield>
  </datafield>
  <datafield tag="910" ind1=" " ind2=" ">
   <subfield code="b">tvtrong</subfield>
  </datafield>
  <datafield tag="910" ind1=" " ind2=" ">
   <subfield code="c">tvtrong,tvtrong</subfield>
  </datafield>
  <datafield tag="980" ind1=" " ind2=" ">
   <subfield code="a">Trung tâm Học liệu Trường Đại học Cần Thơ</subfield>
  </datafield>
 </record>
</collection>
